|
|
|
|
| LEADER |
00000nam2a2200000 4500 |
| 001 |
327534 |
| 005 |
20231101024553.0 |
| 035 |
|
|
|a (RuTPU)RU\TPU\book\353218
|
| 090 |
|
|
|a 327534
|
| 100 |
|
|
|a 20170201d1939 k y0rusy50 ca
|
| 101 |
0 |
|
|a rus
|
| 102 |
|
|
|a UA
|
| 105 |
|
|
|a y z 001zy
|
| 200 |
0 |
|
|a Вып. 3 : Каталог-углей Лисичанского, Алмазно-Мурьевского, Селезневского, Родаково-Успенского и Краснодон-Сорокинского районов (описание углей и вмещающих пород)
|
| 210 |
|
|
|d 1939
|
| 215 |
|
|
|a 726 с.
|
| 461 |
|
1 |
|0 (RuTPU)RU\TPU\book\283894
|t Геолого-химическая карта Донецкого бассейна
|o в 3 вып.
|f Всесоюзный научно-исследовательский угольный институт (ВУГИ)
|v Вып. 3 : Каталог-углей Лисичанского, Алмазно-Мурьевского, Селезневского, Родаково-Успенского и Краснодон-Сорокинского районов (описание углей и вмещающих пород)
|d 1936-1939
|
| 606 |
1 |
|
|a Угольные месторождения
|x Геология
|2 stltpush
|3 (RuTPU)RU\TPU\subj\62689
|
| 610 |
1 |
|
|a шахты
|
| 610 |
1 |
|
|a указатель
|
| 610 |
1 |
|
|a уголь
|
| 610 |
1 |
|
|a залегание
|
| 610 |
1 |
|
|a химический анализ
|
| 610 |
1 |
|
|a исследование
|
| 610 |
1 |
|
|a характеристики
|
| 610 |
1 |
|
|a угольные пласты
|
| 610 |
1 |
|
|a строение
|
| 675 |
|
|
|a 553.94
|v 4
|
| 801 |
|
1 |
|a RU
|b 63413507
|c 20170201
|
| 801 |
|
2 |
|a RU
|b 63413507
|c 20170202
|g RCR
|
| 942 |
|
|
|c BK
|